Video Games That Start With S - Statistics

General Stats
  • This quiz has been taken 109 times
  • The average score is 9 of 20
Answer Stats
Hint Answer % Correct
Super-fast hedgehog must defeat a scientist who has imprisoned animals in robots and stolen magical emeralds. Sonic the Hedgehog
88%
Choose one of twelve Nintendo characters to beat up each other to the point where they get knocked off-screen. Super Smash Bros.
72%
Purple dragon travels across various worlds in order to rescue his fellow dragons and recover stolen treasure. Spyro the Dragon
70%
Build and design your very own city and protect it from disasters, like flooding, tornadoes, fires, earthquakes, and even monsters. SimCity
60%
Italian plumber must save Dinosaur Land by flying with capes and riding on the land's native inhabitants. Super Mario World
59%
Young man must travel on horseback and defeat sixteen massive beings in order to restore the life of a girl . Shadow of the Colossus
56%
Control a laser cannon by moving it horizontally across the bottom of the screen and firing at descending aliens. Space Invaders
53%
Take control of a young Japanese martial artist who competes in an international martial arts tournament to prove his strength. Street Fighter
52%
Guide a transparent ball containing a monkey across a series of maze-like platforms. Super Monkey Ball
49%
Writer searches for his missing adopted daughter in a town where a cult is conducting a ritual to revive a deity it worships. Silent Hill
48%
Using action figures that you can physically buy at retail stores, control over 30 different characters that have been kicked out of their own worlds by an evil portal master. Skylanders: Spyro's Adventure
42%
Join forces with either side of two different wars taking place across many planets in a galaxy far, far away. Star Wars: Battlefront
40%
Anthropomorphic animals defend their homeworld against the attacking forces of a large metallic head. Star Fox
35%
Master thief seeks out to recover his family's book of records of unique thief skills. Sly Cooper and the Thievius Raccoonus
33%
Join forces with a gang to free your city from control of other gangs. Saints Row
31%
New kid moves to a small Colorado town and becomes involved in an epic role-play fantasy war involving humans, wizards, elves, aliens, Nazi zombies, and gnomes. South Park: The Stick of Truth
30%
Three species fight for dominance in a distant part of the Milky Way galaxy known as the Koprulu Sector. StarCraft
23%
Fighters search for a legendary weapon in the possession of a warrior, who slaughters countless people to satisfy the blade's bloodlust. Soulcalibur
20%
An elite sniper team is sent into a hostile area to help the rebels of a Latin American country fight against the force who has toppled their government in a coup d'état. Sniper: Ghost Warrior
6%
Three heroes attempt to stop an empire from conquering the world with the power of an ancient flying fortress. Secret of Mana
0%
No matching quizzes found
Score Distribution
Percent of People with Each Score
Percentile by Number Answered
Your Score History
You have not taken this quiz